000 00959nac a22002891i 4500
003 EG-ScBUE
005 20241010124827.0
008 241010t1989 maua f 001 0 eng d
020 _a0534915760
020 _a9780534915766
040 _aEG-ScBUE
_beng
_erda
_cEG-ScBUE
_dEG-ScBUE
082 0 4 _a515.35
_bZIL
_222
100 1 _aZill, Dennis G.,
_eauthor.
245 1 0 _aDifferential equations with boundary-value problems /
_cDennis G. Zill, Loyola Marymount University.
250 _aSecond edition.
264 1 _aBoston :
_bPWS-KENT Publishing Company,
_c[1989]
264 4 _cc1989
300 _axv, 621, 50 pages :
_billustrations (some color) ;
_c25 cm
336 _2rdacontent
_atext
_btxt
337 _aunmediated
_2rdamedia
_bn
338 _avolume
_bnc
_2rdacarrier
500 _aIncludes index.
650 7 _aDifferential equations.
_2BUEsh
650 7 _aBoundary value problems.
_2BUEsh
655 _vReading book
942 _cBB
_2ddc
999 _c4482
_d4482